<?xml version="1.0" encoding="UTF-8"?>
<record
    xmlns:xsi="http://www.w3.org/2001/XMLSchema-instance"
    xsi:schemaLocation="http://www.loc.gov/MARC21/slim http://www.loc.gov/standards/marcxml/schema/MARC21slim.xsd"
    xmlns="http://www.loc.gov/MARC21/slim">

  <leader>00522    a2200169   4500</leader>
  <datafield tag="999" ind1=" " ind2=" ">
    <subfield code="c">26589</subfield>
    <subfield code="d">26589</subfield>
  </datafield>
  <controlfield tag="008">230620b           ||||| |||| 00| 0 eng d</controlfield>
  <datafield tag="020" ind1=" " ind2=" ">
    <subfield code="a">9789354600357</subfield>
    <subfield code="c">Rs.995.00</subfield>
  </datafield>
  <datafield tag="041" ind1="0" ind2=" ">
    <subfield code="a">eng</subfield>
  </datafield>
  <datafield tag="082" ind1="0" ind2="0">
    <subfield code="a">320.954076</subfield>
    <subfield code="b">L4259</subfield>
  </datafield>
  <datafield tag="100" ind1=" " ind2=" ">
    <subfield code="a">Laxmikanth, M. </subfield>
  </datafield>
  <datafield tag="245" ind1=" " ind2=" ">
    <subfield code="a">Indian Polity :for Civil Services and Other State Examinations /</subfield>
  </datafield>
  <datafield tag="250" ind1=" " ind2=" ">
    <subfield code="a">6th rev ed.</subfield>
  </datafield>
  <datafield tag="260" ind1=" " ind2=" ">
    <subfield code="a">New Delhi:</subfield>
    <subfield code="b">McGraw Hill Education (India) pvt. ltd.,</subfield>
    <subfield code="c">2023.</subfield>
  </datafield>
  <datafield tag="300" ind1=" " ind2=" ">
    <subfield code="a">Ax.3 p. ;</subfield>
    <subfield code="c">24 cm</subfield>
  </datafield>
  <datafield tag="650" ind1=" " ind2="0">
    <subfield code="a">Indian Polity</subfield>
  </datafield>
  <datafield tag="942" ind1=" " ind2=" ">
    <subfield code="2">ddc</subfield>
    <subfield code="c">BK</subfield>
  </datafield>
  <datafield tag="952" ind1=" " ind2=" ">
    <subfield code="0">0</subfield>
    <subfield code="1">0</subfield>
    <subfield code="2">ddc</subfield>
    <subfield code="4">0</subfield>
    <subfield code="6">320_954076000000000_L4259</subfield>
    <subfield code="7">0</subfield>
    <subfield code="9">51252</subfield>
    <subfield code="a">CL</subfield>
    <subfield code="b">CL</subfield>
    <subfield code="c">REF</subfield>
    <subfield code="d">2023-06-20</subfield>
    <subfield code="e">4</subfield>
    <subfield code="g">663.36</subfield>
    <subfield code="l">1</subfield>
    <subfield code="m">1</subfield>
    <subfield code="o">320.954076 L4259</subfield>
    <subfield code="p">13957</subfield>
    <subfield code="r">2025-03-26</subfield>
    <subfield code="s">2025-02-24</subfield>
    <subfield code="v">995.00</subfield>
    <subfield code="y">BK</subfield>
  </datafield>
  <datafield tag="952" ind1=" " ind2=" ">
    <subfield code="0">0</subfield>
    <subfield code="1">0</subfield>
    <subfield code="2">ddc</subfield>
    <subfield code="4">0</subfield>
    <subfield code="6">320_954076000000000_L4259</subfield>
    <subfield code="7">0</subfield>
    <subfield code="9">51253</subfield>
    <subfield code="a">CL</subfield>
    <subfield code="b">CL</subfield>
    <subfield code="d">2023-06-20</subfield>
    <subfield code="e">4</subfield>
    <subfield code="g">663.36</subfield>
    <subfield code="l">3</subfield>
    <subfield code="o">320.954076 L4259</subfield>
    <subfield code="p">13958</subfield>
    <subfield code="q">2026-06-23</subfield>
    <subfield code="r">2026-06-08</subfield>
    <subfield code="s">2026-06-08</subfield>
    <subfield code="v">995.00</subfield>
    <subfield code="y">BK</subfield>
  </datafield>
  <datafield tag="952" ind1=" " ind2=" ">
    <subfield code="0">0</subfield>
    <subfield code="1">0</subfield>
    <subfield code="2">ddc</subfield>
    <subfield code="4">0</subfield>
    <subfield code="6">320_954076000000000_L4259</subfield>
    <subfield code="7">0</subfield>
    <subfield code="9">51254</subfield>
    <subfield code="a">CL</subfield>
    <subfield code="b">CL</subfield>
    <subfield code="d">2023-06-20</subfield>
    <subfield code="e">4</subfield>
    <subfield code="g">663.36</subfield>
    <subfield code="l">1</subfield>
    <subfield code="m">1</subfield>
    <subfield code="o">320.954076 L4259</subfield>
    <subfield code="p">13959</subfield>
    <subfield code="r">2024-11-06</subfield>
    <subfield code="s">2024-09-30</subfield>
    <subfield code="v">995.00</subfield>
    <subfield code="y">BK</subfield>
  </datafield>
  <datafield tag="952" ind1=" " ind2=" ">
    <subfield code="0">0</subfield>
    <subfield code="1">0</subfield>
    <subfield code="2">ddc</subfield>
    <subfield code="4">0</subfield>
    <subfield code="6">320_954076000000000_L4259</subfield>
    <subfield code="7">0</subfield>
    <subfield code="9">51255</subfield>
    <subfield code="a">CL</subfield>
    <subfield code="b">CL</subfield>
    <subfield code="d">2023-06-20</subfield>
    <subfield code="e">4</subfield>
    <subfield code="g">663.36</subfield>
    <subfield code="l">2</subfield>
    <subfield code="o">320.954076 L4259</subfield>
    <subfield code="p">13960</subfield>
    <subfield code="q">2025-07-16</subfield>
    <subfield code="r">2025-01-17</subfield>
    <subfield code="s">2025-01-17</subfield>
    <subfield code="v">995.00</subfield>
    <subfield code="y">BK</subfield>
  </datafield>
  <datafield tag="952" ind1=" " ind2=" ">
    <subfield code="0">0</subfield>
    <subfield code="1">0</subfield>
    <subfield code="2">ddc</subfield>
    <subfield code="4">0</subfield>
    <subfield code="6">320_954076000000000_L4259</subfield>
    <subfield code="7">0</subfield>
    <subfield code="9">51256</subfield>
    <subfield code="a">CL</subfield>
    <subfield code="b">CL</subfield>
    <subfield code="d">2023-06-20</subfield>
    <subfield code="e">4</subfield>
    <subfield code="g">663.36</subfield>
    <subfield code="l">6</subfield>
    <subfield code="m">1</subfield>
    <subfield code="o">320.954076 L4259</subfield>
    <subfield code="p">13961</subfield>
    <subfield code="r">2026-05-12</subfield>
    <subfield code="s">2026-03-20</subfield>
    <subfield code="v">995.00</subfield>
    <subfield code="y">BK</subfield>
  </datafield>
</record>
